Dutch painting
Guardat en:
| Autor principal: | |
|---|---|
| Format: | Llibre |
| Idioma: | anglès |
| Publicat: |
Nueva York
Harry N. Abrams
1953
|
| Col·lecció: | <The >Libraty of Great Painters
|
| Matèries: | |
| Etiquetes: |
Afegir etiqueta
Sense etiquetes, Sigues el primer a etiquetar aquest registre!
|
MARC
| LEADER | 00000cam a2200000 a 4500 | ||
|---|---|---|---|
| 001 | UCZ4393 | ||
| 003 | CL-VaPUC | ||
| 008 | 951109e19530000US |||||||||||||||||eng|d | ||
| 082 | 0 | 4 | |a 759.949 |b SLI |2 21 |
| 100 | 0 | |a Slive, Seymour |e author |9 348421 | |
| 245 | 1 | 0 | |a Dutch painting |
| 300 | |a 24 | ||
| 942 | |c BK | ||
| 945 | |d 19951109 00:00:00 |a rleighto | ||
| 260 | |a Nueva York |b Harry N. Abrams |c 1953 | ||
| 650 | 0 | |a Pintura holandesa |9 267860 | |
| 650 | 7 | |a PINTORES HOLANDESES |2 CL-VaPUC |9 348422 | |
| 650 | 0 | |a Obras de arte |9 337253 | |
| 650 | 0 | |a Bellas artes |9 334299 | |
| 650 | 0 | |a Artistas |9 262026 | |
| 651 | 0 | |a Holanda |9 267234 | |
| 583 | |a last modification |c 20140711 12:19:06 |k Rodrigo Vera | ||
| 490 | 0 | |a <The >Libraty of Great Painters | |
| 999 | |c 240789 |d 240787 | ||
| 952 | |0 0 |1 0 |4 0 |6 759_949000000000000_SLI_1953 |7 0 |8 A |9 252819 |a BIBART |b BIBART |d 2019-11-18 |i 3142825 |o 759.949 SLI 1953 |p 3142825 |r 2025-03-13 |w 2019-11-18 |y BK |k ART | ||
| 952 | |0 0 |1 0 |3 erb |4 0 |6 759_949000000000000_SLI_1953 |7 0 |8 A |9 252820 |a BIBART |b BIBART |i 5044340 |o 759.949 SLI 1953 |p 5044340 |r 2025-03-13 |w 2019-11-18 |y BK |z Catalogado en:20140717 |k ART | ||